000 01128nam a2200301 a 4500
001 BRCA_8578
005 20190320210333.0
008 190816s1704----gw-a######---#000-0#ger-#
041 _ager
044 _agw
050 4 _aBS199
_b.L884
_c1704
245 1 0 _aBiblia das ist die gantze beilige schristi alten und neuen testaments berteutscht durch D. Martin Luther.
260 _aFrankfurt
_bDructts johann bhilipp andrea
_c1704
300 _a1 vol. (con varias paginaciones)
_bil.
_c40 cm
500 _aFondo antiguo
500 _aSe encuentra en Caja Fuerte
500 _aW-38
500 _aGrabado en la anteportada
500 _aPortada impresa en dos tintas negro y rojo
500 _aIncluye índice
500 _aEstado físico: página 119 del capitulo CXII. XII se encuentra rota
500 _aTexto escrito a dos columnas
500 _aNota de encuadernación: en piel con cartón, cantoneras de metal, el lomo se encuentra desprendido
506 0 _aFondo reservado: para su consulta es necesario credencial de usuario y carta de motivos
650 1 4 _aBiblia
_921481
902 _aLAR
942 _2lcc
_cB
999 _c8241
_d8241